| 000 | 00357nam a2200133Ia 4500 | ||
|---|---|---|---|
| 008 | 240624s9999 xx 000 0 und d | ||
| 041 | _aeng | ||
| 082 | _a511 MHA | ||
| 100 | _aMHASKAR HRUSHIKESH N | ||
| 245 | _aFUNDAMENTALS OF APPROXIMATION THEORY | ||
| 260 |
_c2007 _aNew Delhi _bNarosa Publishing House Pvt. Ltd. |
||
| 300 | _a562 : p. | ||
| 365 |
_cRS _b30 |
||
| 999 |
_c12615 _d12615 |
||